00390nam a22001337a 4500001000400000008004100004010001700045022001400062245005600076260007100132300001900203310001400222650002000236dpl880628u xx u 0 0 0und  asv 88031784  a0374-853700aJournal of coffee research. () Balehonnur, India. aChikamagalur (Karnataka)bCentral Coffee Research Institutec1972- av.c24 cm (Pbk aQuarterly aCoffee research